[Event "European Blitz Championship"]
[Site "Warsaw POL"]
[Date "2010.12.17"]
[EventDate "2010.12.18"]
[Round "8"]
[Result "1/2-1/2"]
[White "Vassily Ivanchuk"]
[Black "Gawain Jones"]
[WhiteElo "2764"]
[BlackElo "2575"]
[PlyCount "146"]

1. e4 c5 2. Nf3 d6 3. d4 cxd4 4. Nxd4 Nf6 5. Nc3 g6 6. Be3 Bg7
7. f3 O-O 8. Qd2 Nc6 9. g4 Be6 10. O-O-O Nxd4 11. Bxd4 Qa5
12. a3 Rfc8 13. h4 Rab8 14. Rh2 b5 15. Nd5 Qxd2+ 16. Rhxd2
Bxd5 17. exd5 Nd7 18. Bxa7 Ra8 19. Bd4 b4 20. Bxg7 Kxg7
21. Be2 bxa3 22. b3 Rc3 23. Kb1 Nc5 24. Ka2 f5 25. g5 Kf7
26. Rb1 f4 27. Bd1 Nd7 28. Rd4 Nb6 29. Rxf4+ Ke8 30. Rd4 Ra5
31. f4 Kd8 32. h5 Kc7 33. h6 Rxd5 34. Rxd5 Nxd5 35. Kxa3 Nxf4
36. Kb2 Rg3 37. Ra1 Kb8 38. Ra4 e5 39. Ra6 Rxg5 40. Rxd6 Kc7
41. Ra6 Kb7 42. Rf6 Rf5 43. Bf3+ Kc7 44. Ra6 Nd3+ 45. cxd3
Rxf3 46. Kc2 Rh3 47. Ra7+ Kd6 48. Rxh7 Kc6 49. Rh8 g5 50. b4
g4 51. b5+ Kb7 52. Kd2 g3 53. Ke2 g2 54. Kf2 Rg3 55. Kg1 Rxd3
56. Rg8 Rh3 57. Rg6 e4 58. Kxg2 Rh5 59. b6 Rf5 60. Re6 e3
61. Rxe3 Kxb6 62. Kg3 Rh5 63. Re6+ Kc7 64. Kg4 Rh1 65. Kg5 Kd7
66. Re2 Rg1+ 67. Kf6 Rh1 68. Kg7 Rg1+ 69. Kf7 Rf1+ 70. Kg6
Rg1+ 71. Kh7 Rg3 72. Re4 Rg1 73. Kh8 Rg6 1/2-1/2

[Event "European Blitz Championship"]
[Site "Warsaw POL"]
[Date "2010.12.17"]
[EventDate "2010.12.18"]
[Round "12"]
[Result "1/2-1/2"]
[White "Sergei Movsesian"]
[Black "Gawain Jones"]
[WhiteElo "2721"]
[BlackElo "2575"]
[PlyCount "172"]

1. e4 c5 2. d3 Nc6 3. g3 d5 4. Nd2 e6 5. Bg2 g6 6. f4 Bg7
7. Ngf3 Nge7 8. O-O b5 9. e5 Bb7 10. c3 Qb6 11. Re1 h5 12. Nf1
Nf5 13. Ne3 d4 14. Nxf5 gxf5 15. cxd4 Nxd4 16. Be3 Rd8
17. Bxd4 cxd4 18. Rc1 Bf8 19. h4 Bb4 20. Rf1 Be7 21. Rf2 Rg8
22. Kh2 Bd5 23. Rfc2 Qb7 24. Rc7 Qa8 25. a4 b4 26. a5 b3
27. Ne1 Bxh4 28. gxh4 Rg4 29. Bxd5 Qxd5 30. Qf3 Rxh4+ 31. Kg3
Rg4+ 32. Kh3 Qxa5 33. Qc6+ Kf8 34. Qc5+ Qxc5 35. R1xc5 Rxf4
36. Rb7 Kg7 37. Rcc7 Rf8 38. Rxb3 Rf1 39. Rc1 Kh6 40. Kg2 Rf4
41. Nf3 Rg8+ 42. Kf2 Rfg4 43. Rg1 h4 44. Rb4 h3 45. Rxd4 Rg2+
46. Rxg2 Rxg2+ 47. Ke3 Rxb2 48. Rh4+ Kg7 49. Rxh3 a5 50. Rh4
Ra2 51. Rc4 a4 52. Rc7 Kg6 53. Nh4+ Kg5 54. Nf3+ Kg6 55. Ra7
a3 56. Kf4 Ra1 57. d4 a2 58. Ra6 Kg7 59. Ke3 Kf8 60. Ra7 Ke8
61. Kf4 Kf8 62. Ra8+ Kg7 63. Ra6 Kg8 64. Ra7 Kg7 65. Kg3 Kg6
66. Kg2 f4 67. Nh4+ Kg5 68. Nf3+ Kg4 69. Nh2+ Kf5 70. Rxf7+
Ke4 71. Ra7 Kxd4 72. Nf3+ Ke4 73. Ra4+ Kf5 74. Kf2 Kg4 75. Ra8
Kf5 76. Ra6 Ke4 77. Ra4+ Kf5 78. Kg2 Kg4 79. Ra8 Kf5 80. Ra7
Ke4 81. Ra4+ Kf5 82. Ra5 Ke4 83. Ra6 Kf5 84. Ra4 Kg4 85. Kf2
Kf5 86. Ra5 Ke4 1/2-1/2

[Event "Kilkenny Masters"]
[Site "Kilkenny IRL"]
[Date "2010.11.27"]
[EventDate "2010.11.27"]
[Round "1"]
[Result "1-0"]
[White "Gawain Jones"]
[Black "Andrej Vospernik"]
[WhiteElo "2575"]
[BlackElo "2205"]
[PlyCount "55"]

1. e4 d5 2. exd5 Nf6 3. d4 Qxd5 4. Nc3 Qa5 5. Nf3 c6 6. Bc4
Bg4 7. h3 Qh5 8. Be2 e6 9. O-O Bxf3 10. Bxf3 Qa5 11. Re1 Be7
12. Bf4 O-O 13. Qd2 Bb4 14. a3 Bxc3 15. bxc3 Nd5 16. c4 Qxd2
17. Bxd2 Nb6 18. c5 Nc4 19. Bf4 b6 20. Be2 Na5 21. Reb1 Nd7
22. Bc7 Rfc8 23. cxb6 axb6 24. Bxb6 c5 25. dxc5 Nxc5 26. Bf3
Ra6 27. Bxc5 Rxc5 28. Rb8+ 1-0

[Event "Kilkenny Masters"]
[Site "Kilkenny IRL"]
[Date "2010.11.28"]
[EventDate "2010.11.27"]
[Round "6"]
[Result "1-0"]
[White "Sam E Collins"]
[Black "Gawain Jones"]
[WhiteElo "2436"]
[BlackElo "2575"]
[PlyCount "91"]

1. e4 e5 2. Nf3 Nc6 3. Bb5 f5 4. d3 fxe4 5. dxe4 Nf6 6. O-O
Bc5 7. Qd3 Nd4 8. Nxd4 Bxd4 9. Nd2 a6 10. Ba4 Qe7 11. Nf3 Bb6
12. Bg5 O-O 13. Bxf6 Qxf6 14. Qd5+ Kh8 15. Qxe5 Qxe5 16. Nxe5
Bd4 17. Nxd7 Bxd7 18. Bxd7 Rad8 19. Bg4 Bxb2 20. Rad1 g6
21. g3 Rd4 22. Rxd4 Bxd4 23. Kg2 Rf6 24. Be2 Rc6 25. Bd3 b5
26. Rd1 Rc3 27. Bxb5 Bxf2 28. Rd8+ Kg7 29. Bd3 Bb6 30. e5 Kf7
31. Rd7+ Ke6 32. Rxh7 Kxe5 33. Bxg6 a5 34. h4 Ra3 35. h5 Kf6
36. Bd3 Rxa2 37. h6 Ra1 38. Rd7 Rg1+ 39. Kh2 Re1 40. Rd8 Ke7
41. h7 Kxd8 42. h8=Q+ Ke7 43. Qg7+ Kd6 44. Qf6+ Re6 45. Qd8+
Kc6 46. Be4+ 1-0

[Event "British Rapidplay"]
[Site "Halifax ENG"]
[Date "2010.11.20"]
[EventDate "2010.11.20"]
[Round "2"]
[Result "1-0"]
[White "Gawain Jones"]
[Black "Jonathan W Arnott"]
[WhiteElo "2575"]
[BlackElo "2176"]
[PlyCount "94"]

1. g3 d5 2. Bg2 c6 3. d3 Nf6 4. Nd2 h6 5. e4 Bg4 6. Ne2 Nbd7
7. h3 Bh5 8. f4 dxe4 9. dxe4 e6 10. g4 Bg6 11. Ng3 Qb6 12. Qe2
O-O-O 13. Nc4 Qc7 14. Bd2 Bc5 15. O-O-O b5 16. Na5 Bb6 17. Nb3
Nc5 18. Nxc5 Bxc5 19. Qf3 h5 20. f5 h4 21. Ne2 Bh7 22. Nf4 e5
23. Nd3 Bd4 24. Be3 Bxe3+ 25. Qxe3 Nd7 26. Qg5 Bg8 27. Qxg7
Rh7 28. Qg5 f6 29. Qe3 Qa5 30. a3 Nb6 31. Nb4 Nc4 32. Qc5 Qb6
33. Rxd8+ Kxd8 34. Qf8+ Kc7 35. Rd1 Qe3+ 36. Kb1 Nd2+ 37. Ka1
Qe2 38. Na6+ Kb7 39. Nc5+ Kc7 40. Na6+ Kb7 41. Nc5+ Kc7
42. Rc1 Bc4 43. Qxf6 Qxg2 44. Qxe5+ Kb6 45. Qd4 Nf3 46. Qd8+
Rc7 47. b4 Qd2 1-0

[Event "British Rapidplay"]
[Site "Halifax ENG"]
[Date "2010.11.20"]
[EventDate "2010.11.20"]
[Round "3"]
[Result "0-1"]
[White "Jim Burnett"]
[Black "Gawain Jones"]
[WhiteElo "2186"]
[BlackElo "2575"]
[PlyCount "84"]

1. d4 Nf6 2. c4 c5 3. Nf3 cxd4 4. Nxd4 e5 5. Nb5 d5 6. cxd5
Bc5 7. e3 O-O 8. N5c3 Qe7 9. Be2 e4 10. O-O Rd8 11. Qc2 Bf5
12. Rd1 Nbd7 13. Nd2 a6 14. Nb3 Bd6 15. Nd4 Bg6 16. b4 Bxb4
17. Qb3 Rac8 18. Bd2 Bxc3 19. Bxc3 Nc5 20. Qa3 Nxd5 21. Be1
Nd3 22. Qxe7 Nxe7 23. Bxd3 exd3 24. Rac1 f6 25. f3 Bf7 26. a3
Bc4 27. Kf2 b5 28. Bc3 Nd5 29. Bb2 Kf7 30. g3 g6 31. e4 Nb6
32. Ke3 Rd7 33. Kd2 Na4 34. Ba1 Nc5 35. Rb1 Rd6 36. Re1 Rcd8
37. Ke3 d2 38. Rg1 Nb3 39. Rxb3 Bxb3 40. Kxd2 Rxd4+ 41. Bxd4
Rxd4+ 42. Kc3 Rd1 0-1

[Event "British Rapidplay"]
[Site "Halifax ENG"]
[Date "2010.11.20"]
[EventDate "2010.11.20"]
[Round "4"]
[Result "1-0"]
[White "Gawain Jones"]
[Black "Mark Hebden"]
[WhiteElo "2575"]
[BlackElo "2560"]
[PlyCount "175"]

1. g3 g6 2. Bg2 Bg7 3. Nc3 e5 4. d3 Ne7 5. e4 d6 6. f4 c5
7. Nf3 Nbc6 8. h3 Rb8 9. a4 a6 10. O-O b5 11. axb5 axb5
12. Nd5 O-O 13. Nxe7+ Nxe7 14. c3 b4 15. fxe5 bxc3 16. bxc3
dxe5 17. Be3 Qc7 18. Qa4 Bd7 19. Qa5 Rfc8 20. Qxc7 Rxc7
21. Nd2 Be6 22. Rfb1 Rxb1+ 23. Rxb1 f6 24. Bf1 Bf8 25. Rb5 Nc8
26. g4 g5 27. Kf2 Kf7 28. Be2 Na7 29. Rb6 Nc8 30. Rb8 Bd6
31. Bd1 Ra7 32. Rb5 Ra2 33. Ke1 Ra1 34. Bxc5 h5 35. Rb7+ Ke8
36. Bxd6 Nxd6 37. Rb1 Ra3 38. Bb3 Bf7 39. Ke2 hxg4 40. hxg4
Bxb3 41. Rxb3 Ra1 42. Rb1 Ra3 43. Rb6 Nf7 44. c4 Ke7 45. Rb7+
Kf8 46. c5 Nd8 47. Rb6 Ke7 48. Nc4 Ra2+ 49. Kd1 Ne6 50. Rb7+
Kd8 51. c6 Nc7 52. Rb8+ Ke7 53. Rb7 Kd8 54. Ne3 Ra6 55. Rb8+
Ke7 56. Nd5+ Kd6 57. Rd8+ Kxc6 58. Nb4+ Kc5 59. Nxa6+ Nxa6
60. Rd5+ Kc6 61. d4 Nb4 62. Rc5+ Kd6 63. Rc4 Nd3 64. Kd2 Nf2
65. d5 Nxg4 66. Rc6+ Ke7 67. Re6+ Kf7 68. Ra6 Ke7 69. Ke2 Nh6
70. Kd3 Nf7 71. Ra7+ Ke8 72. Kc4 Nd6+ 73. Kc5 Nxe4+ 74. Kc6 f5
75. d6 Nf6 76. Re7+ Kf8 77. Rxe5 f4 78. Rf5 Kg7 79. Rxf6 Kxf6
80. d7 f3 81. d8=Q+ Kf5 82. Kd5 Kf4 83. Qf6+ Ke3 84. Qxg5+ Ke2
85. Qg4 Ke3 86. Qe4+ Kf2 87. Kd4 Kg3 88. Ke3 1-0

[Event "British Rapidplay"]
[Site "Halifax ENG"]
[Date "2010.11.20"]
[EventDate "2010.11.20"]
[Round "5"]
[Result "1/2-1/2"]
[White "Gawain Jones"]
[Black "David Howell"]
[WhiteElo "2575"]
[BlackElo "2611"]
[PlyCount "76"]

1. g3 e5 2. Bg2 Nf6 3. d3 d5 4. Nf3 Bd6 5. O-O O-O 6. Nc3 c6
7. e4 dxe4 8. Nxe4 Nxe4 9. dxe4 Qe7 10. Nh4 g6 11. Qe2 Na6
12. Be3 Be6 13. Nf3 f6 14. Rfd1 Rfd8 15. c3 Nc7 16. b3 Bc5
17. h4 h5 18. c4 Bg4 19. Rxd8+ Rxd8 20. Bxc5 Qxc5 21. Rd1
Rxd1+ 22. Qxd1 Qe7 23. Qd2 Bxf3 24. Bxf3 Ne6 25. b4 b6 26. Bd1
Kg7 27. a3 Nd4 28. Kg2 Qd6 29. Qc3 Ne6 30. Ba4 Nd4 31. c5 bxc5
32. bxc5 Qe7 33. Qc4 g5 34. Bb3 Qf8 35. Ba2 gxh4 36. gxh4 Kh6
37. f3 Qg7+ 38. Kf2 Qf8 1/2-1/2

[Event "British Rapidplay"]
[Site "Halifax ENG"]
[Date "2010.11.20"]
[EventDate "2010.11.20"]
[Round "6"]
[Result "1/2-1/2"]
[White "Matthew Turner"]
[Black "Gawain Jones"]
[WhiteElo "2517"]
[BlackElo "2575"]
[PlyCount "122"]

1. d4 Nf6 2. Nf3 g6 3. g3 Bg7 4. Bg2 O-O 5. O-O d6 6. c4 Nbd7
7. d5 Nc5 8. Be3 Nce4 9. Bd4 c5 10. dxc6 bxc6 11. Nc3 e5
12. Nxe4 Nxe4 13. Be3 f5 14. Nd2 Nxd2 15. Qxd2 e4 16. Bd4 Bxd4
17. Qxd4 Be6 18. Rfd1 d5 19. cxd5 cxd5 20. e3 Qf6 21. Qxf6
Rxf6 22. Rac1 Bf7 23. Rd2 Rd8 24. Bf1 Rd7 25. b3 g5 26. Bb5
Re7 27. Rc6 Kg7 28. Rd4 Rxc6 29. Bxc6 Rc7 30. Bxd5 Rc1+
31. Kg2 Bh5 32. Bxe4 fxe4 33. Rxe4 Rc7 34. g4 Bf7 35. Re5 h6
36. Ra5 Be6 37. Kg3 Kf6 38. h4 Rc1 39. hxg5+ hxg5 40. f4 Rg1+
41. Kf2 Rxg4 42. fxg5+ Rxg5 43. Rxg5 Kxg5 44. Ke2 Kf5 45. Kd3
Ke5 46. Kc3 Kd5 47. a4 Bd7 48. e4+ Kc5 49. b4+ Kb6 50. Kb3 Bc6
51. e5 Bd7 52. e6 Bxe6+ 53. Kc3 Bd7 54. b5 Ka5 55. Kb2 Kb4
56. Ka1 Kxa4 57. Kb2 Kb4 58. Ka1 Kb3 59. Kb1 Bf5+ 60. Ka1 Be4
61. b6 axb6 1/2-1/2

[Event "British Rapidplay"]
[Site "Halifax ENG"]
[Date "2010.11.21"]
[EventDate "2010.11.20"]
[Round "7"]
[Result "1/2-1/2"]
[White "Richard J Palliser"]
[Black "Gawain Jones"]
[WhiteElo "2445"]
[BlackElo "2575"]
[PlyCount "65"]

1. d4 Nf6 2. Nc3 d5 3. Bg5 h6 4. Bxf6 exf6 5. e3 c6 6. Bd3 f5
7. Qf3 g6 8. h3 h5 9. Nge2 Nd7 10. g4 hxg4 11. hxg4 fxg4
12. Qg2 Rxh1+ 13. Qxh1 Nf6 14. O-O-O Bf5 15. Bxf5 gxf5 16. Ng3
Ne4 17. Ncxe4 fxe4 18. Qh5 Qf6 19. Qxg4 Qxf2 20. Qg5 Be7
21. Qg8+ Bf8 22. Qg5 Be7 23. Qg8+ Kd7 24. Qxa8 Qxe3+ 25. Kb1
Qxg3 26. Qxb7+ Qc7 27. Qb3 Qf4 28. Qh3+ Kc7 29. Rf1 Qd2
30. Qg3+ Kb7 31. Qb3+ Kc7 32. Qg3+ Kb7 33. Qb3+ 1/2-1/2

[Event "British Rapidplay"]
[Site "Halifax ENG"]
[Date "2010.11.21"]
[EventDate "2010.11.20"]
[Round "8"]
[Result "1-0"]
[White "Gawain Jones"]
[Black "Stewart Haslinger"]
[WhiteElo "2575"]
[BlackElo "2543"]
[PlyCount "124"]

1. e4 e5 2. Nf3 Nc6 3. Bb5 a6 4. Bxc6 dxc6 5. O-O Qf6 6. d4
exd4 7. Bg5 Qd6 8. Nxd4 Bd7 9. Nc3 Ne7 10. Qd2 c5 11. Nb3 Qxd2
12. Bxd2 b6 13. a4 a5 14. Bf4 O-O-O 15. Rfd1 Re8 16. Nd2 h5
17. h3 Bc6 18. Nb5 Ng6 19. Bh2 Bxb5 20. axb5 Be7 21. f4 f5
22. e5 Nf8 23. Nc4 Ne6 24. Ne3 g6 25. c3 Bf8 26. g3 Bh6
27. Nd5 Kb7 28. Kg2 Bf8 29. Nf6 Rd8 30. Rxd8 Nxd8 31. Rd1 Bg7
32. Nd5 Re8 33. Kf3 Ne6 34. g4 hxg4+ 35. hxg4 Rf8 36. Ne7 Rh8
37. Bg3 Nf8 38. gxf5 gxf5 39. Nxf5 Ne6 40. Ke4 Bf8 41. Ne3 Rh3
42. Rg1 c4 43. Nxc4 Bc5 44. Rg2 Rh1 45. f5 Ng5+ 46. Kf4 Nf7
47. Nd2 Rd1 48. f6 Nd8 49. Kf5 Be3 50. e6 Nxe6 51. Kxe6 Bxd2
52. Rxd2 Rxd2 53. f7 Rd8 54. Ke7 Rc8 55. f8=Q Rxf8 56. Kxf8 c6
57. Ke7 cxb5 58. Kd6 Ka6 59. Kc6 a4 60. Bd6 Ka5 61. Ba3 Ka6
62. Bb4 Ka7 1-0

[Event "British Rapidplay"]
[Site "Halifax ENG"]
[Date "2010.11.21"]
[EventDate "2010.11.20"]
[Round "9"]
[Result "1-0"]
[White "Aaron Summerscale"]
[Black "Gawain Jones"]
[WhiteElo "2434"]
[BlackElo "2575"]
[PlyCount "145"]

1. Nf3 g6 2. c4 Bg7 3. d4 Nf6 4. Nc3 O-O 5. e4 d6 6. Be2 e5
7. O-O Nbd7 8. Be3 c6 9. Qc2 Qe7 10. Rad1 Re8 11. d5 c5
12. Ne1 Rf8 13. Nd3 Ne8 14. f4 exf4 15. Bxf4 Ne5 16. Nxe5 Bxe5
17. Bxe5 Qxe5 18. Qd2 Bd7 19. Qf4 f6 20. Qxe5 fxe5 21. Rxf8+
Kxf8 22. Rd3 Nf6 23. Re3 Ke7 24. Nd1 a6 25. Rb3 b5 26. cxb5
axb5 27. Bxb5 Rxa2 28. Nc3 Ra8 29. Bxd7 Nxd7 30. Kf2 Rb8
31. Rxb8 Nxb8 32. Ke3 Nd7 33. Nb5 Nb6 34. b3 Nc8 35. Kd3 Kd7
36. Kc3 Kd8 37. Kd3 Kd7 38. Kc3 Ne7 39. Kd3 Ng8 40. Ke3 Nh6
41. Kf3 Nf7 42. Ke3 Kc8 43. Na7+ Kc7 44. Nc6 Nh6 45. Kd3 Ng4
46. h3 Nf6 47. b4 cxb4 48. Nxb4 Kb6 49. Ke3 Kb5 50. Nc6 Kc4
51. Ne7 Kc3 52. Nc8 Ne8 53. g4 g5 54. Ne7 Kc2 55. Nf5 Kd1
56. Nh6 Ke1 57. Nf7 Kf1 58. Kf3 Kg1 59. Nxg5 Kh2 60. h4 Nf6
61. Nf7 Kh3 62. g5 Ne8 63. h5 Kh4 64. g6 hxg6 65. h6 Nf6
66. Nxd6 Kh5 67. Nf7 g5 68. Nxe5 g4+ 69. Nxg4 Nxg4 70. h7 Ne5+
71. Kf4 Ng6+ 72. Kf5 Kh6 73. d6 1-0

[Event "British Rapidplay"]
[Site "Halifax ENG"]
[Date "2010.11.21"]
[EventDate "2010.11.20"]
[Round "10"]
[Result "1/2-1/2"]
[White "Gawain Jones"]
[Black "Stephen R Burns-Mannion"]
[WhiteElo "2575"]
[BlackElo "2353"]
[PlyCount "127"]

1. e4 e5 2. Nf3 Nc6 3. d4 exd4 4. Nxd4 Nf6 5. Nxc6 bxc6 6. e5
Qe7 7. Qe2 Nd5 8. c4 Ba6 9. b3 O-O-O 10. g3 Re8 11. Bb2 f6
12. Nd2 fxe5 13. O-O-O Nf6 14. Bh3 Kb8 15. Rhe1 e4 16. f3 d5
17. fxe4 Nxe4 18. Nxe4 dxe4 19. Qxe4 Qxe4 20. Rxe4 Rxe4
21. Rd8+ Kb7 22. c5 Bxc5 23. Rxh8 Re1+ 24. Kc2 Re2+ 25. Kc3
Rxh2 26. Rxh7 Kb6 27. b4 Bd6 28. Kb3 Bc8 29. Bd4+ c5 30. bxc5+
Bxc5 31. Bxc5+ Kxc5 32. Rxg7 Bxh3 33. Rxc7+ Kb6 34. Re7 Rg2
35. Re3 Bd7 36. a3 Bc6 37. Kc4 Rd2 38. Kc3 Ra2 39. Kd4 Kb5
40. g4 Rg2 41. Re5+ Ka4 42. g5 a5 43. Kc5 Bd7 44. Rd5 Be6
45. Re5 Bb3 46. Kb6 Kxa3 47. Kxa5 Kb2 48. Kb4 Rg4+ 49. Kc5 Kc2
50. Kd6 Kd3 51. Ke7 Kd4 52. Ra5 Bc4 53. Kf6 Rf4+ 54. Kg7 Rf7+
55. Kh6 Bd3 56. g6 Rf6 57. Rg5 Ke4 58. Rg3 Kd4 59. Kg7 Ra6
60. Rg5 Be4 61. Kf7 Bd5+ 62. Rxd5+ Kxd5 63. g7 Ra7+ 64. Kf6
1/2-1/2

[Event "Australian Championship"]
[Site "NSLCC, Cammeray NSW"]
[Date "2010.01.09"]
[EventDate "2010.01.02"]
[Round "7.4"]
[Result "1-0"]
[White "Stephen John Solomon"]
[Black "Gawain Jones"]
[WhiteElo "2428"]
[BlackElo "2561"]
[PlyCount "111"]

1. e4 c5 2. Nf3 d6 3. d4 cxd4 4. Nxd4 Nf6 5. Nc3 g6 6. Be3 a6
7. f3 Nbd7 8. Qd2 Bg7 9. g4 b5 10. g5 Nh5 11. a4 bxa4 12. Rxa4
Bb7 13. Kf2 O-O 14. Be2 Nc5 15. Ra3 Qc8 16. Nd5 Qh3 17. b4 Ne6
18. Nf5 gxf5 19. Nxe7+ Kh8 20. Nxf5 Nf6 21. gxf6 Bxf6 22. Bf1
Qh5 23. Nxd6 Rad8 24. Rd3 Bh4+ 25. Ke2 Rxd6 26. Rxd6 Bxe4
27. Qc3+ f6 28. Kd2 Bxf3 29. Rg1 Bg5 30. Rxe6 Qxh2+ 31. Rg2
Bxg2 32. Bxg5 Bxf1+ 33. Kc1 Kg8 34. Bxf6 a5 35. Kb2 Qf4
36. bxa5 h5 37. Be5 Qg4 38. Re7 Rf7 39. Qb3 Bc4 40. Qb8+ Rf8
41. Qb7 Bf7 42. a6 Qa4 43. Qg2+ Qg4 44. Qxg4+ hxg4 45. a7 g3
46. Rxf7 Kxf7 47. Bxg3 Ra8 48. Bb8 Ke6 49. Kc3 Kd5 50. Kb4 Kc6
51. Kc4 Kb6 52. Kd5 Kb5 53. c4+ Kb6 54. Kd6 Kb7 55. c5 Kc8
56. Kc6 1-0

[Event "Sunningdale op"]
[Site "Sunningdale"]
[Date "2010.09.11"]
[EventDate "2010.09.10"]
[Round "4"]
[Result "1-0"]
[White "Simon Kim Williams"]
[Black "Gawain Jones"]
[WhiteElo "2485"]
[BlackElo "2576"]
[PlyCount "147"]

1. d4 Nf6 2. c4 g6 3. Nc3 Bg7 4. e4 d6 5. f4 c5 6. d5 O-O
7. Nf3 e6 8. dxe6 fxe6 9. Be2 Nc6 10. O-O a6 11. Qd3 Qe7
12. Ng5 Nd4 13. Be3 e5 14. fxe5 dxe5 15. Nd5 Nxd5 16. Rxf8+
Bxf8 17. cxd5 Bh6 18. Nf3 c4 19. Qd2 Bxe3+ 20. Qxe3 Nc2
21. Qb6 Nxa1 22. Bxc4 Kg7 23. d6 Qe8 24. Qa5 b5 25. Bd5 Ra7
26. Qc3 Kf6 27. Qc1 Kg7 28. Qc5 Rd7 29. Bc6 Kf6 30. Qc1 Qe6
31. Bxd7 Bxd7 32. Qxa1 Qxd6 33. Qc1 Kg7 34. Qc3 Kf6 35. h3 Be6
36. a3 h6 37. Qe3 Kg7 38. b4 Qc7 39. Kh2 Bf7 40. Kg3 Be6
41. Ne1 Bc4 42. Qc3 Qd6 43. Nf3 Kf6 44. Qe3 Kg7 45. Qa7+ Bf7
46. Kh2 Qf6 47. Kh1 Qd6 48. Qb7 Qd1+ 49. Kh2 Qd6 50. Qa7 Kf6
51. Qe3 Kg7 52. Qc3 Kf6 53. Kg3 Be6 54. Kf2 Bc4 55. g4 Be6
56. Kg3 Bc4 57. h4 Ke6 58. Qe3 Qf8 59. Qc1 Qg7 60. Nd2 Qc7
61. Nb3 Kf6 62. Nc5 g5 63. hxg5+ hxg5 64. Qh1 Kg7 65. Qd1 Qf7
66. Qd7 Kg8 67. Qd8+ Kh7 68. Qxg5 Qc7 69. Qf5+ Kg8 70. Qd7 Qb8
71. Qe7 Bf7 72. Qg5+ Kh8 73. Qh6+ Kg8 74. Nd7 1-0

[Event "Commonwealth and South African Open"]
[Site "Gauteng RSA"]
[Date "2011.06.27"]
[EventDate "2011.06.25"]
[Round "5"]
[Result "1-0"]
[White "Gawain Jones"]
[Black "Meenakshi Subbaraman"]
[WhiteElo "2596"]
[BlackElo "2348"]
[PlyCount "80"]

1. e4 e5 2. Nf3 Nc6 3. d4 exd4 4. Nxd4 Bc5 5. Nxc6 Qf6 6. Qf3
Qxf3 7. Be3 bxc6 8. gxf3 Bb4+ 9. Nd2 Nf6 10. Rg1 g6 11. O-O-O
O-O 12. Nb3 a5 13. Nc5 Bxc5 14. Bxc5 Re8 15. a4 Nh5 16. Be3 d6
17. Bd3 Nf6 18. Rg5 Nd7 19. f4 Ba6 20. c4 c5 21. Bd2 Bb7
22. f3 Nf8 23. f5 Nd7 24. Bc3 Ne5 25. Be2 f6 26. Rg3 Kf7
27. Rdg1 Rg8 28. Rh3 Rg7 29. f4 Nc6 30. Rxh7 Nd4 31. Rxg7+
Kxg7 32. Rxg6+ Kf7 33. Bxd4 cxd4 34. e5 dxe5 35. fxe5 fxe5
36. Rh6 Rg8 37. Bh5+ Kg7 38. Re6 e4 39. f6+ Kh7 40. f7 Rf8 1-0

[Event "Tradewise Gibraltar"]
[Site "Caleta ENG"]
[Date "2011.01.30"]
[EventDate "2011.01.25"]
[Round "6"]
[Result "1-0"]
[White "Gawain Jones"]
[Black "Achim Illner"]
[WhiteElo "2593"]
[BlackElo "2345"]
[PlyCount "43"]

1. d4 d5 2. c4 e6 3. Nc3 Be7 4. Bf4 Nf6 5. e3 O-O 6. Nf3 b6
7. cxd5 Nxd5 8. Nxd5 exd5 9. Bd3 c5 10. Ne5 cxd4 11. exd4 Bb4+
12. Kf1 Qf6 13. Qh5 h6 14. g3 Nc6 15. Nxc6 Qxc6 16. Kg2 Rd8
17. a3 Bf8 18. Rac1 Qa4 19. Bc7 Re8 20. Be5 Bd7 21. Rc7 Rac8
22. b3 1-0

[Event "Tradewise Gibraltar"]
[Site "Caleta ENG"]
[Date "2011.01.31"]
[EventDate "2011.01.25"]
[Round "7.20"]
[Result "1-0"]
[White "Husein Aziz Nezad"]
[Black "Gawain Jones"]
[WhiteElo "2420"]
[BlackElo "2593"]
[PlyCount "73"]

1. d4 Nf6 2. c4 g6 3. Nc3 Bg7 4. e4 d6 5. Bd3 O-O 6. Nge2 Nc6
7. O-O Nh5 8. Be3 e5 9. d5 Ne7 10. Qd2 f5 11. f4 fxe4 12. Bxe4
Nf5 13. Bxf5 gxf5 14. Rae1 Bd7 15. fxe5 dxe5 16. Bg5 Qe8
17. Nd4 Qg6 18. Ne6 Bxe6 19. dxe6 Qxe6 20. Nd5 Kh8 21. Qf2 Qg6
22. Qh4 h6 23. Bd2 f4 24. Bc3 Rae8 25. Nxc7 f3 26. Rf2 Rf4
27. Qh3 Rg8 28. Ne6 e4 29. Bxg7+ Rxg7 30. Nxg7 Nxg7 31. Kh1
Nf5 32. gxf3 Qb6 33. Rg2 exf3 34. Rg4 Qc6 35. Rxf4 f2+
36. Ree4 Nh4 37. Rxh4 1-0

[Event "Tradewise Gibraltar"]
[Site "Caleta ENG"]
[Date "2011.02.03"]
[EventDate "2011.01.25"]
[Round "10.22"]
[Result "1-0"]
[White "Gawain Jones"]
[Black "Kjetil Stokke"]
[WhiteElo "2593"]
[BlackElo "2413"]
[PlyCount "41"]

1. e4 c6 2. d4 d5 3. e5 Bf5 4. h4 Qb6 5. Ne2 h6 6. c4 dxc4
7. Nd2 Bd3 8. e6 Nf6 9. Nf4 Qxd4 10. Nxd3 cxd3 11. Rh3 fxe6
12. Rxd3 Qb6 13. Nc4 Qc7 14. g3 Nbd7 15. Bf4 e5 16. Bh3 exf4
17. Rxd7 Qb8 18. Qd3 Nxd7 19. Qxd7+ Kf7 20. Qf5+ Ke8 21. O-O-O
1-0

[Event "Reykjavik Open"]
[Site "Reykjavik ISL"]
[Date "2011.03.12"]
[EventDate "2011.03.09"]
[Round "4"]
[Result "1-0"]
[White "Gawain Jones"]
[Black "Bragi Thorfinnsson"]
[WhiteElo "2578"]
[BlackElo "2417"]
[PlyCount "67"]

1. e4 c5 2. Nc3 e6 3. f4 Nc6 4. Nf3 a6 5. d3 d5 6. Be2 Nf6
7. O-O Be7 8. Qe1 b5 9. Bd1 b4 10. Na4 dxe4 11. dxe4 a5 12. c4
bxc3 13. bxc3 Ba6 14. Be2 Bxe2 15. Qxe2 O-O 16. e5 Nd7 17. Be3
Qc7 18. Nd2 Rfc8 19. Nc4 Bf8 20. Rfd1 Ne7 21. Nd6 Rcb8 22. c4
Nc8 23. Nb5 Qc6 24. Nac3 a4 25. Rd2 Ndb6 26. Rad1 Ne7 27. Nd6
a3 28. Nce4 Ng6 29. Ng5 Bxd6 30. Rxd6 Qe8 31. Bxc5 Na4 32. Bd4
h6 33. Ne4 Nxe5 34. fxe5 1-0

[Event "Commonwealth and South African Open"]
[Site "Gauteng RSA"]
[Date "2011.06.26"]
[EventDate "2011.06.25"]
[Round "3"]
[Result "1-0"]
[White "Gawain Jones"]
[Black "Cinky Boikanyo"]
[WhiteElo "2596"]
[BlackElo "2029"]
[PlyCount "47"]

1. e4 c5 2. Nc3 Nc6 3. f4 g6 4. Nf3 Bg7 5. Bb5 Nd4 6. O-O a6
7. Bd3 e6 8. e5 Nxf3+ 9. Qxf3 d5 10. exd6 Qxd6 11. b3 Ne7
12. Bb2 Bd4+ 13. Kh1 Nc6 14. Ne4 Qe7 15. c3 Bg7 16. Ba3 Nb4
17. Rae1 Nxd3 18. Qxd3 b6 19. Nd6+ Kf8 20. f5 gxf5 21. Nxf5
Qd7 22. Nd6 f5 23. Rxf5+ exf5 24. Qxf5+ 1-0

[Event "Commonwealth and South African Open"]
[Site "Gauteng RSA"]
[Date "2011.06.27"]
[EventDate "2011.06.25"]
[Round "4"]
[Result "0-1"]
[White "Richmond Phiri"]
[Black "Gawain Jones"]
[WhiteElo "2166"]
[BlackElo "2596"]
[PlyCount "74"]

1. d4 Nf6 2. c4 g6 3. Nc3 Bg7 4. e4 d6 5. Nf3 O-O 6. Be2 e5
7. O-O Nbd7 8. Re1 c6 9. Bf1 a6 10. a4 a5 11. dxe5 dxe5 12. b3
Re8 13. Ba3 Bf8 14. Bxf8 Kxf8 15. Qc1 Qe7 16. h3 Kg8 17. Qe3
Nc5 18. Rab1 Nh5 19. g3 Rd8 20. Qh6 f6 21. Kh2 Be6 22. Qe3 Rd7
23. Rec1 Bf7 24. Rd1 Rxd1 25. Nxd1 Ng7 26. Nb2 Rd8 27. Rd1
Nge6 28. Rxd8+ Qxd8 29. Nd3 Nxb3 30. Ndxe5 Nbd4 31. Nxf7 Kxf7
32. Bg2 Nxf3+ 33. Bxf3 Qd4 34. Qe2 Nc5 35. Kg2 Nd3 36. Qd2 g5
37. c5 Nf4+ 0-1

[Event "Commonwealth and South African Open"]
[Site "Gauteng RSA"]
[Date "2011.06.28"]
[EventDate "2011.06.25"]
[Round "6"]
[Result "0-1"]
[White "Nicholas van der Nat"]
[Black "Gawain Jones"]
[WhiteElo "2308"]
[BlackElo "2596"]
[PlyCount "68"]

1. e4 e5 2. Nf3 Nc6 3. Bb5 a6 4. Ba4 Nf6 5. O-O Be7 6. Re1 b5
7. Bb3 d6 8. c3 O-O 9. d4 Bg4 10. Be3 d5 11. exd5 exd4
12. cxd4 Nxd5 13. Nc3 Nxe3 14. fxe3 Na5 15. Bc2 c5 16. Qd3 g6
17. Ne5 Bf5 18. e4 cxd4 19. Nd5 Be6 20. Nxe7+ Qxe7 21. Qxd4
Qc7 22. Bd1 Rfd8 23. Qc3 Qb6+ 24. Qe3 Qxe3+ 25. Rxe3 Bxa2
26. Ra3 Nc4 27. R3xa2 Nxe5 28. Bb3 Rd2 29. Bd5 Rc8 30. b3 Rxa2
31. Rxa2 Nd3 32. Kf1 Rc1+ 33. Ke2 Nb4 34. Rb2 Rc3 0-1

[Event "Commonwealth and South African Open"]
[Site "Gauteng RSA"]
[Date "2011.06.30"]
[EventDate "2011.06.25"]
[Round "8"]
[Result "1/2-1/2"]
[White "Nigel Short"]
[Black "Gawain Jones"]
[WhiteElo "2682"]
[BlackElo "2596"]
[PlyCount "85"]

1. c4 Nf6 2. Nc3 g6 3. g3 Bg7 4. Bg2 O-O 5. e4 d6 6. Nge2 c5
7. O-O Nc6 8. d3 Rb8 9. h3 Ne8 10. Be3 Nd4 11. Rb1 Bd7 12. b4
b6 13. a4 a5 14. Bxd4 cxd4 15. Nb5 e5 16. bxa5 bxa5 17. Qd2
Bc6 18. f4 Nf6 19. f5 Nd7 20. Ra1 Nc5 21. Ra3 Bf6 22. fxg6
fxg6 23. h4 Rb7 24. Nc1 g5 25. Nb3 Nxb3 26. Rxb3 gxh4 27. gxh4
Rbf7 28. Qh6 Bxh4 29. Rxf7 Rxf7 30. Nxd6 Rf6 31. Qxh4 Qxd6
32. c5 Qf8 33. Rb8 Qxb8 34. Qxf6 Qc7 35. Kh2 Bxa4 36. Bh3 Be8
37. c6 Bf7 38. Be6 Bxe6 39. Qxe6+ Kf8 40. Qf6+ Ke8 41. Qe6+
Kd8 42. Qf6+ Ke8 43. Qe6+ 1/2-1/2